| 000 -LEADER |
| fixed length control field |
00854cam a2200205 a 4500 |
| 020 ## - INTERNATIONAL STANDARD BOOK NUMBER |
| ISBN |
186242019X |
| 040 ## - CATALOGING SOURCE |
| Transcribing agency |
FJAE |
| 082 00 - DEWEY DECIMAL CLASSIFICATION NUMBER |
| Classification number |
910 GEO 1997 A100 Or. |
| 245 00 - TITLE STATEMENT |
| Title |
Getting to know ArcView GIS : |
| Remainder of title |
the geographic information system (GIS) for everyone. |
| 250 ## - EDITION STATEMENT |
| Edition statement |
2nd ed. |
| 260 ## - PUBLICATION, DISTRIBUTION, ETC. (IMPRINT) |
| Place of publication |
Cambridge : |
| Name of publisher |
GeoInformation International, |
| Year of publication |
1997. |
| 300 ## - PHYSICAL DESCRIPTION |
| Number of Pages |
1 v. (various pagings) : |
| Other physical details |
col. ill. ; |
| Dimensions |
23 cm. + |
| Accompanying material |
1 computer laser optical disc (4 3/4 in.). |
| 500 ## - GENERAL NOTE |
| General note |
"Discover the world of desktop mapping and GIS." |
| 500 ## - GENERAL NOTE |
| General note |
Developed by Environmental Systems Research Institute. |
| 500 ## - GENERAL NOTE |
| General note |
Includes a trial copy of ArcView GIS version 3 software with data, tutorial and demos. |
| 500 ## - GENERAL NOTE |
| General note |
Includes index. |
| 650 #0 - SUBJECT ADDED ENTRY--TOPICAL TERM |
| Topical Term |
Geographic information systems. |
| 710 2# - ADDED ENTRY--CORPORATE NAME |
| Corporate name or jurisdiction name as entry element |
Environmental Systems Research Institute (Redlands, Calif.) |
| 942 ## - ADDED ENTRY ELEMENTS (KOHA) |
| Koha item type |
សៀវភៅភាសាអង់គ្លេស |
| 952 ## - LOCATION AND ITEM INFORMATION (KOHA) |
| Withdrawn status [LOCAL, KOHA] |
0 |